| 000 | 00542cam a22002051 4500 | ||
|---|---|---|---|
| 001 | agr48000379 | ||
| 003 | DLC | ||
| 005 | 20260227111009.0 | ||
| 008 | 940513s1946 gw a 000 0 ger c | ||
| 010 | _aagr48000379 | ||
| 035 | _a(OCoLC)30435485 | ||
| 040 |
_aU.S. Dept. of agr. Libr _cCU _dDLC |
||
| 042 | _apremarc | ||
| 050 | 0 | 0 |
_aSB211.T8 _bK3 |
| 100 | 1 | _aKallbrunner, Hermann. | |
| 245 | 0 | 4 | _aDie Futterrübe. |
| 260 |
_aWien, _bScholle-Verlag _c[1946] |
||
| 300 |
_a39 p. _billus. _c21 cm. |
||
| 440 | 0 |
_aScholle-bücherei, _v64.Bdchn. |
|
| 999 |
_c10866 _d10866 |
||